| Tag |
First Indicator |
Second Indicator |
Subfields |
| LEADER |
00000cam a2200000 4500 |
| 001 |
in00000061922 |
| 005 |
20151008051103.0 |
| 008 |
750417s1951 eng u |
| 010 |
|
|
|a 52008352
|
| 035 |
|
|
|a (OCoLC)01283754
|
| 035 |
|
|
|9 AAG5632AM
|
| 040 |
|
|
|c NED
|d TXA
|d UtOrBLW
|
| 049 |
|
|
|a TXAM
|c [207748]
|
| 050 |
|
0 |
|a BF21
|b .C8
|
| 082 |
0 |
|
|a 150.4
|
| 092 |
|
|
|a 150.4
|b C976
|
| 245 |
0 |
0 |
|a Current trends in psychological theory /
|c [by] Wayne Dennis and others.
|
| 264 |
|
1 |
|a Pittsburgh :
|b University of Pittsburgh Press,
|c 1951.
|
| 300 |
|
|
|a 213 pages :
|b diagrams ;
|c 22 cm.
|
| 336 |
|
|
|a text
|b txt
|2 rdacontent
|
| 337 |
|
|
|a unmediated
|b n
|2 rdamedia
|
| 338 |
|
|
|a volume
|b nc
|2 rdacarrier
|
| 490 |
1 |
|
|a Current trends in psychology series
|
| 504 |
|
|
|a Includes bibliographies.
|
| 650 |
|
0 |
|a Psychology.
|
| 700 |
1 |
|
|a Dennis, Wayne,
|d 1905-1976.
|
| 830 |
|
0 |
|a Current trends in psychology series.
|
| 999 |
|
|
|a MARS
|
| 999 |
f |
f |
|s 17ec7630-02be-31f8-94a5-3e8f775d2e6a
|i 55e35a5f-31e9-3a66-8a5d-0e5c248fd812
|t 0
|
| 952 |
f |
f |
|p ric
|a Texas A&M University
|b Rellis Campus
|c Joint Library Facility
|d Remote Storage
|t 0
|e BF21 .C8
|h Library of Congress classification
|i unmediated -- volume
|m A14800523526
|
| 998 |
f |
f |
|a BF21 .C8
|t 0
|l Remote Storage
|